000
00290nam a22001337a 4500
003
SGT
082
_a
611
_b
H15B
100
_a
BANSAL,SURBHI
245
_a
HUMAN ANATOMY & PHYSIOLOGY
260
_a
DELHI
_b
AITB PUB
_c
2015
300
_a
344
650
_a
ANATOMY & PHYSIOLOGY
942
_2
ddc
_c
BK
_0
3
999
_c
8697
_d
8697